ბათუმის შოთა რუსთაველის სახელმწიფო უნივერსიტეტის ბიბლიოთეკა

მკვლელობისა და გაუპატიურების გამოძიებისა და გახსნის მეთოდიკის პრობლემები (ბიბ.ჩანაწერი № 49386)

000 -LEADER
fixed length control field 01178nam a2200265Ia 4500
001 - CONTROL NUMBER
control field 16305
003 - CONTROL NUMBER IDENTIFIER
control field GE_BSU
008 - FIXED-LENGTH DATA ELEMENTS--GENERAL INFORMATION
fixed length control field 181216s||||||||xx |||||||||||||| ||und||
020 ## - INTERNATIONAL STANDARD BOOK NUMBER
International Standard Book Number ISBN 99928-32-91-6
040 ## - CATALOGING SOURCE
Transcribing agency GE_BSU
080 ## - UNIVERSAL DECIMAL CLASSIFICATION NUMBER
Universal Decimal Classification number 343.61
100 ## - MAIN ENTRY--PERSONAL NAME
Personal name ფაფიაშვილი, შოთა
245 ## - TITLE STATEMENT
Title მკვლელობისა და გაუპატიურების გამოძიებისა და გახსნის მეთოდიკის პრობლემები
245 ## - TITLE STATEMENT
Remainder of title თეორია და პრაქტიკა
245 ## - TITLE STATEMENT
Statement of responsibility, etc. რედ.: ვ. ბენიძე;მ.ჩიკვილაძე,მხატვ:გ.ჩიქვინიძე
260 ## - PUBLICATION, DISTRIBUTION, ETC.
Place of publication, distribution, etc. თბილისი
260 ## - PUBLICATION, DISTRIBUTION, ETC.
Name of publisher, distributor, etc. მერიდიანი
260 ## - PUBLICATION, DISTRIBUTION, ETC.
Date of publication, distribution, etc. 2004
300 ## - PHYSICAL DESCRIPTION
Extent 419გვ; 20სმ
300 ## - PHYSICAL DESCRIPTION
Other physical details რეზ. რუს. და ინგლ. ენ.. - ბიბლიოგრ. ტექსტ. შენიშვნ.
653 ## - INDEX TERM--UNCONTROLLED
Uncontrolled term მკვლელობა; გაუპატიურება; გამოძიება;
653 ## - INDEX TERM--UNCONTROLLED
Uncontrolled term სამართალი
942 ## - ADDED ENTRY ELEMENTS (KOHA)
Koha item type წიგნი

არაა ხელმისაწვდომი ეგზემპლარები.